| 000 | 00574nam a22002057i 4500 | ||
|---|---|---|---|
| 001 | 6282 | ||
| 003 | OSt | ||
| 005 | 20181025131709.0 | ||
| 007 | tu | ||
| 008 | 161220s1996 xxu||||| |||| 00| 0 eng d | ||
| 024 | 7 |
_a6282 _2RID |
|
| 024 | 7 |
_a6282 _2RSN (alt) |
|
| 040 | _cOSt | ||
| 041 | _aeng | ||
| 245 | 0 | 0 | _aThe Economic and Financial Situation in Ireland |
| 260 |
_aBrussels : _bECSC-EEC-EAEC, _c1996. |
||
| 110 | 2 | _aEuropean Commission - Directorate-General for Economic and Financial Affairs | |
| 490 |
_aEuropean Economy. Reports and Studies _v1 _x0379-0991 |
||
| 942 | _cP | ||
| 999 |
_c5889 _d5889 |
||